| 000 | 00919nmm a2200265 a 4500 | ||
|---|---|---|---|
| 001 | ocm000746592 | ||
| 003 | TR-IsHL | ||
| 005 | 20201028141642.0 | ||
| 008 | 131226s2007 tu tur | ||
| 007 | cr cn | ||
| 020 | _a9789758071661 | ||
| 035 |
_a746592 _b(N$T) |
||
| 050 | 0 | 4 |
_aGN855 _b.T87 2007 |
| 090 | 0 | 4 |
_aGN855 _b.T87 2007 |
| 245 | 1 | 0 |
_aTürkiye arkeolojik yerleşmeleri (TAY): klasör 8 Bizans/Marmara _h[electronic resource] / _cAyça Tiryaki...[ve öte.] |
| 260 |
_aİstanbul : _bEge Yayınları, _c2007 |
||
| 300 | _a836 p. | ||
| 650 | 4 | _aMüze ve Kültürel Çalışmalar | |
| 650 | 4 | _aMuseums and Cultural Works | |
| 650 | 0 |
_aArkeolojik yerleşim _x Türkiye |
|
| 650 | 0 |
_aArchaeological sites _x Turkey |
|
| 650 | 7 |
_aSOCIAL SCIENCE / Archaeology _2bisacsh |
|
| 700 | 1 | _aTiryaki, Ayça | |
| 856 | 4 | 0 | _uhttp://search.ebscohost.com/login.aspx?direct=true&scope=site&db=e011xww&AN=746592 |
| 999 |
_c7930 _d7930 |
||